| 000 | 00372nam a2200145Ia 4500 | ||
|---|---|---|---|
| 008 | 150201s2001 xx 000 0 und d | ||
| 082 |
_a615.321 _bE2001T |
||
| 100 | _aTRIPATIM,K.D. | ||
| 245 | _aESSENTIALS OF MEDICAL PHARMACOLOGY | ||
| 250 | _a4TH | ||
| 260 |
_bJAYPEE MEDICAL PUBLISHER _aDELHI _c2001 |
||
| 300 | _a1-935 | ||
| 650 | _aPHARMACOLOGY | ||
| 942 |
_2ddc _cBK _018 |
||
| 999 |
_c2669 _d2669 |
||